000 02293nam a22002537a 4500
003 Uzh_bibl
008 260427b |||||||| |||| 00| 0 ukr d
020 _a0 908168 09 8
_c4.00
040 _aукр.
041 _2ukr
_aukr
080 _a821(477)
090 _a821(477)
_bО-59
100 _aОнуфрієнко, Василь
245 _aПоезії: Вірші оригінальні і перекладені 1956-1992
_cУпоряд. Ю. Мішалов; оформ. обкл. Л. Денисенко
_hТекст
260 _aСідней
_bВидання Фундації Українознавчих Студій ав Австралії
_c1996
300 _a373 с.
_fВ опр.
520 _aЗбірка поезій Василя Онуфрієнка об’єднує оригінальні вірші та переклади, створені протягом кількох десятиліть. У творах автор розкриває глибокий внутрішній світ людини, осмислює плин часу, долю народу та значення духовних цінностей. Поезії вирізняються ліризмом, філософською насиченістю та увагою до загальнолюдських тем. Переклади доповнюють збірку, розширюючи її культурний і художній контекст.
521 _aДля широкого кола читачів
546 _aукр.
650 _aЛітературно-художнє видання
_yВірші охоплюють період другої половини ХХ століття (1956–1992 роки)
_zПодії не мають чітко визначеного місця чи часу, оскільки це поетична збірка,У творах відображено Україну та ширший світ, внутрішній світ людини, історичні й духовні реалії епохи
653 _aЛюдина
_aПочуття
_aБатьківщина
_aЧас
_aДуховність
655 _aПоезія (ліричні вірші, перекладна поезія)
_v[Поетична збірка]
942 _2udc
_cBK
999 _c17518
_d17518